Tales of Beatrix Potter Quiz Stats

 Plays Quiz Updated Feb 28, 2020

Support Sporcle.
Go Orange.
Score 0/23 Timer 05:00
1 Play Today
Year Tale % Correct
1902The Tale of Peter Rabbit
95.5%
1908The Tale of Jemima Puddle-Duck
66.1%
1905The Tale of Mrs. Tiggy-Winkle
48.1%
1904The Tale of Benjamin Bunny
46.8%
1905The Tale of Mr. Jeremy Fisher
41.2%
1903The Tale of Squirrel Nutkin
37.7%
1907The Tale of Tom Kitten
33.9%
1903The Tailor of Gloucester
28.8%
1904The Tale of Two Bad Mice
26%
1909The Tale of the Flopsy Bunnies
21.7%
1913The Tale of Pigling Bland
19.6%
1908The Tale of Samuel Whiskers or The Roly-Poly Pudding
18.5%
Year Tale % Correct
1912The Tale of Mr. Tod
14.9%
1910The Tale of Mrs. Tittlemouse
13.1%
1905The Tale of the Pie and the Patty-Pan
11.6%
1909The Tale of Ginger and Pickles
9.7%
1906The Story of a Fierce Bad Rabbit
8.4%
1918The Tale of Johnny Town-Mouse
8.3%
1906The Story of Miss Moppet
7.6%
1930The Tale of Little Pig Robinson
7.3%
1911The Tale of Timmy Tiptoes
7.2%
1922Cecily Parsley's Nursery Rhymes
5%
1917Appley Dapply's Nursery Rhymes
4.8%

From the Vault

Remove Ads.
Support Sporcle.
Get the best of Sporcle when you Go Orange. This ad-free experience offers more features, more stats, and more fun while also helping to support Sporcle. Thank you for becoming a member.

Show Comments

Extras

Top Quizzes Today


Score Distribution

Your Account Isn't Verified!

In order to create a playlist on Sporcle, you need to verify the email address you used during registration. Go to your Sporcle Settings to finish the process.

Report this User

Report this user for behavior that violates our Community Guidelines.

Details: